|
|
|
|
| LEADER |
00000nam0a2200000 4500 |
| 001 |
262036 |
| 005 |
20231101233621.0 |
| 035 |
|
|
|a (RuTPU)RU\TPU\book\285018
|
| 035 |
|
|
|a RU\TPU\book\276902
|
| 090 |
|
|
|a 262036
|
| 100 |
|
|
|a 20140529d1971 m y0rusy50 ca
|
| 101 |
0 |
|
|a rus
|
| 102 |
|
|
|a RU
|
| 105 |
|
|
|a a j 000zy
|
| 200 |
1 |
|
|a Практикум по общей химии
|e для студентов нехимических специальностей с применением полумикрометода
|f К. Г. Хомяков [и др.]
|g под ред. Е. М. Соколовской
|
| 210 |
|
|
|a Москва
|c Изд-во Московского ун-та
|d 1971
|
| 215 |
|
|
|a 152 с.
|c ил.
|
| 606 |
1 |
|
|a Химия общая
|2 stltpush
|3 (RuTPU)RU\TPU\subj\67862
|9 83510
|
| 610 |
1 |
|
|a учебные пособия
|
| 610 |
1 |
|
|a практикумы
|
| 610 |
1 |
|
|a лабораторные работы
|
| 610 |
1 |
|
|a полумикрометод
|
| 610 |
1 |
|
|a химический эквивалент
|
| 610 |
1 |
|
|a сложные вещества
|
| 610 |
1 |
|
|a химические реакции
|
| 610 |
1 |
|
|a скорость
|
| 610 |
1 |
|
|a химическое равновесие
|
| 610 |
1 |
|
|a химические растворы
|
| 610 |
1 |
|
|a электролиты
|
| 610 |
1 |
|
|a галогены
|
| 610 |
1 |
|
|a перекись водорода
|
| 610 |
1 |
|
|a химические соединения
|
| 610 |
1 |
|
|a сера
|
| 610 |
1 |
|
|a азот
|
| 610 |
1 |
|
|a фосфор
|
| 610 |
1 |
|
|a металлы
|
| 610 |
1 |
|
|a хром
|
| 610 |
1 |
|
|a марганец
|
| 610 |
1 |
|
|a комплексные соединения
|
| 675 |
|
|
|a 54(076.5)
|v 3
|
| 701 |
|
1 |
|a Хомяков
|b К. Г.
|
| 701 |
|
1 |
|a Хомченко
|b Г. П.
|
| 701 |
|
1 |
|a Холлер
|b В. А.
|
| 701 |
|
1 |
|a Левина
|b М. Е.
|
| 701 |
|
1 |
|a Плетюшкина
|b А. И.
|
| 701 |
|
1 |
|a Трошкина
|b В. А.
|
| 701 |
|
1 |
|a Кузьмин
|b И. И.
|
| 701 |
|
1 |
|a Булгакова
|b Т. И.
|
| 702 |
|
1 |
|a Соколовская
|b Е. М.
|4 340
|
| 801 |
|
1 |
|a RU
|b 63413507
|c 20140320
|
| 801 |
|
2 |
|a RU
|b 63413507
|c 20140602
|g RCR
|
| 942 |
|
|
|c BK
|